| 000 | 01124nam a2200337 a 4500 | ||
|---|---|---|---|
| 001 | 76599 | ||
| 003 | BD-RjUL | ||
| 005 | 20211209082849.0 | ||
| 008 | 191224s1937 enk 001 0 eng d | ||
| 035 | _aBD-RjUL)76823 | ||
| 040 |
_aBD-RjUL _beng _cBD-RjUL |
||
| 041 | _aeng | ||
| 049 |
_aCU _lo |
||
| 082 | 0 |
_a780.9421 _223 _bSHL 1950 |
|
| 092 | _aD0504125221 | ||
| 100 | 1 |
_aShaw, Bernard, _d1856-1950. _9236827 |
|
| 245 | 1 | 0 | _aLondon music in 1888-89 as heard by Corno di Bassetto (later known as Bernard Shaw) with some further autobiographical particulars |
| 260 |
_aLondon : _bConstable, _c1937.[1950] |
||
| 300 |
_a420 p. ; _c21 cm. |
||
| 650 | 0 |
_aMusic _zEngland _zLondon. _9236828 |
|
| 650 | 0 |
_aMusical criticism _zEngland. _9236829 |
|
| 942 |
_2ddc _cBK |
||
| 999 |
_c76599 _d76599 |
||